Sanat - "Hopeinen kuu" - Olavi Virta - Statistics

Yleistilastot
  • Tätä visaa on pelattu 249 kertaa
    248 viimeisimmän päivityksen jälkeen
  • Keskiarvotulos 68 / 102
Vastaustilastot
Sanat % Oikein
Hopeinen
100%
kuu
100%
Kuu
100%
merelle
96%
siltaa,
95%
siltaa.
95%
iltaa.
91%
iltaa...
91%
Ei
88%
ei
88%
koskaan
88%
koskaan!
88%
luo
88%
tällaista
87%
kai
74%
voisi
74%
tulla
72%
on
69%
sinua,
66%
armain.
63%
Odotan
63%
vastaa
62%
taas
61%
meri
60%
sydämen
60%
ääneen,
59%
turhaan
59%
Kaipaus
57%
yksin
57%
kuuta
56%
harmain.
55%
katsoo,
55%
nyt
55%
sinut
53%
Toinen
53%
toinen
53%
kanssas
52%
kulkee
52%
pilven
52%
taakse,
52%
jääneen.
51%
niin
51%
vienyt
51%
lienyt.
50%
50%
tiedän
46%
Onneni
42%
Saavu
17%
enää
16%
toista
7%
Ehtoja vastaavia visoja ei löytynyt
Tulosjakauma
Jokaisen tuloksen saaneiden osuus
Persentiili vastausten määrän mukaan
Tuloshistoriasi
Et ole pelannut tätä visaa sen viimeisimmän päivityksen jälkeen